Quizzes
Events
Quiz Creation
Community
Videos
Private Events
Remove Ads
Sign In
Join for FREE
Feedback
Dark Mode
Quiz Categories
Sports
Geography
Music
Movies
Television
Just For Fun
Miscellaneous
History
Literature
Language
Science
Gaming
Entertainment
Religion
Holiday
For Kids
Quiz Lab
Recent
Popular Today
Quiz Kudos Today
Editor Picks
Curator Picks
Quizzes by...
Day
Popularity
Type
Ratings
Length
Year
Community
Subscriptions
Recent Discussions
Orange Saloon
Badges
Playlists
Quests
Create
Leaderboards
Showdown
Live 5
Trivia Bingo
Activity
Puzzle Library
Sporcle Events
Private Events
Virtual Trivia
Globe League
Become a Host
Pub Owners
SporcleCon
Opinionation
Our Games
Videos
Blog
Mobile Apps
Partnerships
Remove Ads and Go Orange
Feedback
Television
TV Characters
TV Show
Sitcom
Network
Friends
Reality Shows
Cast
South Park
Star Trek
The Simpsons
Doctor Who
Television
TV Characters
TV Show
Sitcom
Network
Friends
Reality Shows
Cast
South Park
Star Trek
The Simpsons
Doctor Who
Random Quiz
Search Sporcle
×
Curator Pick
Curator Pick
Television
Cast
Type answers that appear on an image
Type answers that appear on an image
Map
Best Score? Go Orange.
Castle Cast Photo Stats
Can you name the characters from ABC's Castle and the actors who play them?
By
KStericker
5m
16 Questions
533 Plays
533 Plays
533 Plays
Comments
Comments
Give Quiz Kudos
Give Quiz Kudos
-
- Ratings
hide this ad
More Info
Replay
Link that replays current quiz
Next Quiz
Link to next quiz in quiz playlist
You Got
0%
They Got
Avg Score
66%
Avg Friend Score
Upgrade to see
Score Distribution
Jump to the score distribution portion of the page
Score
0/16
Timer
05:00
0
Plays Today
% Correct
Richard Castle
94.4%
Alexis Castle
92.7%
Kate Beckett
91.2%
Kevin Ryan
85.9%
Javier Esposito
82%
Roy Montgomery
77.1%
Martha Rodgers
73.5%
Nathan Fillion
72.6%
% Correct
Stana Katic
69.6%
Lanie Parish
66.8%
Seamus Dever
51.2%
Jon Huertas
47.3%
Molly C. Quinn
46.2%
Tamala Jones
44.1%
Susan Sullivan
43.5%
Ruben Santiago-Hudson
31.1%
Quiz Playlist
Details
Report
Send in Message
Add To Playlist
More Info:
This photo features the regular cast during the second season of Castle.
Map:
Type answers that appear on an image
Last Updated: Aug 12, 2017
Curator Pick in
Cast
Quiz Scoreboard
CHALLENGE
Sign Up to Join the Scoreboard
Show All
Scores
Hide
Comments
May contain spoilers
Recently Published
9x9 Crossword: Cartoon Network
by jackfrog10
Miscellaneous
3m
College Basketball Coaching Resumes
by pancakes188
Sports
9m
Billboard Blitz: Fleetwood Mac
by CooCooCachoo
Music
15s
More to Explore
Quiz From the Vault
Featured Blog Post
Where Did the Easter Bunny Come From?
hide this ad
You Might Also Like...
Tags
Cast Quiz
TV Characters Quiz
TV Show Quiz
ABC
castle
Castle Characters
Cast Members
crime
Drama
Mystery
Television Stars
Today's Top Quizzes in Television
Browse Television
hide this ad
Today's Top Quizzes in Cast
Browse Cast
Top Contributed Quizzes in Television
1
5-to-1: The Simpsons Families
2
5-to-1: Television Doctors
3
7-to-1: TV Show Settings
4
5-to-1: Streaming Originals
5
Adjectives in 00s TV Shows
6
One Piece Logic Puzzle
7
Survivor Seasons
8
Adjectives in 80s TV Shows
9
All US Survivor Seasons in Order
10
Adjectives in 10s TV Shows
Explore More
Trending Topics
Harry Potter
Marvel
Crossword
Disney
NBA
Kpop
Anime
Puzzle
NFL
Country
The Office
Soccer
Pokémon
Song
WWE
hide this ad
More By:
KStericker
Quiz
Plays
Rating
Category
Featured
Created
Click the Seasons in Spanish
86,534
4.49
Language
Mar 16, 2017
Clickable Cat Jokes
79,872
4.04
Just For Fun
Aug 20, 2014
Clickable Thanksgiving Jokes
78,532
4.31
Holiday
Jun 25, 2014
Clickable Valentine's Day Jokes
61,262
4.29
Holiday
Jun 27, 2014
Clickable Dog Jokes
59,364
3.95
Just For Fun
Aug 27, 2014
Go to Creator's Profile
Score Distribution
Quiz Creator Spotlight
KStericker
Follow
Send a Message
Quizzes Created
-
Created Quiz Play Count
-
More By This Creator
Popular Quizzes Today
1
Find the US States - No Outlines Minefield
2
Find the Countries of Europe - No Outlines Minefield
3
The Countries of the World
4
Find the US States
5
Risky Map Clicking: Biggest States A-Z
6
US States
7
Popular People in 1961
8
Movies - When Are They Set?
More Television Quizzes
2014 TV Characters By Show Blitz (Picture Click)
Quiz Lab
Trending Quizzes
Risky Map Clicking: Least Populous States A-Z
1-10 Letter G Words
1-10 Letter F Words
Risky Map Clicking: Next State Alphabetically
Adjectives in 80s TV Shows
Recently Updated
Leaping Animals
pecheneg
Reality TV Shows (A-Z)
bhenderson79
Rickey Henderson's Hall of Fame Teammates
pecheneg
Champions League XIs: Arsenal
pecheneg
Quick Pick: Celebrities in WWE's Hall of Fame
aduchscher
A-Z Keypad Blitz II
pecheneg
Multiple Oscar Actors
pecheneg
Mystery Phrase Blitz: Oscar 'Best Actors'
pecheneg
F. Scott Fitzgerald Novels
LTH
Pick 3 Villains
ddd62291
Trending Topics
Marvel
Anime
Crossword
Harry Potter
NBA
Disney
Kpop
Pokémon
NFL
The Office
Song
Soccer
Puzzle
WWE
Country
Your Account Isn't Verified!
In order to create a playlist on Sporcle, you need to verify the email address you used during registration. Go to your
Sporcle Settings
to finish the process.
Report this User
Report this user for behavior that violates our
Community Guidelines
.
Details:
Send Report
Go to the Sporcle.com Mobile Site →
Comments